Szólni - egyre tökéletesebb formában

Bibliographic Details
Main Authors: Cselényi, László, 1938-2023 (Author), Bodnár, Gyula, 1948- (Author)
Format: Article
Language:Hungarian
PhysicalDescription:Obr. 1.
Subjects:

MARC

LEADER 00000nab a2200000 a 4500
001 vtls000309901
003 SK-MaSNL
005 20260318114828.0
008 160215c1988 xo 0 hun
015 |a SNBRB19rr/mm-uuuuu 
035 |a CL0320022 
040 |a SNKBUCL  |b slo  |c SNKBUCL  |e AACR2 
041 0 |a hun 
044 |a xo  |c SK 
080 |a 82:929:894.511 (437)  |2 1981 
080 |a 929  |2 1981 
080 |a 894.511 (437)  |2 1981 
080 |a 929 Cselényi, László  |2 1981 
100 1 |a Cselényi, László,  |d 1938-2023  |4 aut  |9 241940 
245 1 0 |a Szólni - egyre tökéletesebb formában  |c László Cselényi, Gyula Bodnár 
300 |b Obr. 1. 
600 1 7 |a Cselényi, László,  |d 1938-2023  |2 snkbucl  |9 241940 
655 7 |a rozhovory  |2 snkbucl  |9 31831 
655 7 |a články z odboru literárna veda a krásna literatúra  |2 snkbucl  |9 770045 
655 7 |a články z novín a časopisov  |2 snkbucl  |9 267496 
700 1 |a Bodnár, Gyula,  |d 1948-  |4 aut  |9 100698 
773 0 |t Új szó, Vasárnapi kiadás  |g Roč. 21, č. 13 (1988), s. 11 
850 |a Slovenská národná knižnica v Martine  |a MTA001 
852 |a SNK  |b KIS3GCP 
958 |a BX 
958 |a RK 
958 |a HU 
958 |a LX 
992 |a RBX 
999 |c 3292011  |d 3293941